<?xml version="1.0" encoding="UTF-8"?>
<collection xmlns:xsi="http://www.w3.org/2001/XMLSchema-instance" xsi:schemaLocation="http://www.loc.gov/MARC21/slim http://www.loc.gov/standards/marcxml/schema/MARC21slim.xsd" xmlns="http://www.loc.gov/MARC21/slim">
 <record>
  <leader>00000nam a2200000 a 4500</leader>
  <controlfield tag="001">000027872</controlfield>
  <controlfield tag="003">SVKK</controlfield>
  <controlfield tag="005">19970826000000.0</controlfield>
  <controlfield tag="008">970428s1959    ru     e            ruso </controlfield>
  <datafield tag="020" ind1=" " ind2=" ">
   <subfield code="a">(viaz.)</subfield>
  </datafield>
  <datafield tag="040" ind1=" " ind2=" ">
   <subfield code="a">SVKKK</subfield>
   <subfield code="b">slo</subfield>
   <subfield code="c">SVKKK</subfield>
   <subfield code="e">AACR2</subfield>
  </datafield>
  <datafield tag="041" ind1="0" ind2=" ">
   <subfield code="a">rus</subfield>
  </datafield>
  <datafield tag="044" ind1=" " ind2=" ">
   <subfield code="a">ru</subfield>
   <subfield code="c">RU</subfield>
  </datafield>
  <datafield tag="080" ind1=" " ind2=" ">
   <subfield code="a">53(075.8)</subfield>
   <subfield code="2">1997</subfield>
  </datafield>
  <datafield tag="080" ind1=" " ind2=" ">
   <subfield code="a">537(075.8)</subfield>
   <subfield code="2">1997</subfield>
  </datafield>
  <datafield tag="080" ind1=" " ind2=" ">
   <subfield code="a">538(075.8)</subfield>
   <subfield code="2">1997</subfield>
  </datafield>
  <datafield tag="100" ind1="1" ind2=" ">
   <subfield code="a">Putilov, Konstantin Anatol`jevič</subfield>
   <subfield code="4">aut</subfield>
  </datafield>
  <datafield tag="245" ind1="1" ind2="0">
   <subfield code="a">Kurs fiziki.</subfield>
   <subfield code="n">Tom 2.,</subfield>
   <subfield code="p">Učenije ob električestve. /</subfield>
   <subfield code="c">Konstantin Anatol`jevič Putilov</subfield>
  </datafield>
  <datafield tag="246" ind1="3" ind2="0">
   <subfield code="a">Učenije ob električestve.</subfield>
  </datafield>
  <datafield tag="250" ind1=" " ind2=" ">
   <subfield code="a">4. preprac. vyd.</subfield>
  </datafield>
  <datafield tag="260" ind1=" " ind2=" ">
   <subfield code="a">Moskva :</subfield>
   <subfield code="b">Gosudarstvennoje izdatel`stvo fiziko-matematičeskoj literatury,</subfield>
   <subfield code="c">1959</subfield>
  </datafield>
  <datafield tag="300" ind1=" " ind2=" ">
   <subfield code="a">583 s.</subfield>
  </datafield>
  <datafield tag="653" ind1="0" ind2=" ">
   <subfield code="a">fyzika</subfield>
   <subfield code="2">SVKKKPH</subfield>
  </datafield>
  <datafield tag="653" ind1="0" ind2=" ">
   <subfield code="a">elektrina</subfield>
   <subfield code="2">SVKKKPH</subfield>
  </datafield>
  <datafield tag="653" ind1="0" ind2=" ">
   <subfield code="a">učebnice vysokých škôl</subfield>
   <subfield code="2">SVKKKPH</subfield>
  </datafield>
  <datafield tag="655" ind1=" " ind2="7">
   <subfield code="a">učebnice vysokých škôl</subfield>
   <subfield code="2">SVKKKPH</subfield>
  </datafield>
  <datafield tag="910" ind1=" " ind2=" ">
   <subfield code="a">svkkk</subfield>
  </datafield>
  <datafield tag="974" ind1=" " ind2=" ">
   <subfield code="a">MI</subfield>
   <subfield code="d">19970519</subfield>
  </datafield>
  <datafield tag="974" ind1=" " ind2=" ">
   <subfield code="a">PA</subfield>
   <subfield code="d">19970611</subfield>
  </datafield>
  <datafield tag="974" ind1=" " ind2=" ">
   <subfield code="a">PA</subfield>
   <subfield code="d">19970826</subfield>
  </datafield>
  <datafield tag="998" ind1=" " ind2=" ">
   <subfield code="a">BK</subfield>
  </datafield>
  <datafield tag="090" ind1=" " ind2=" ">
   <subfield code="g">SCKHL</subfield>
   <subfield code="k">Sklad Pribinova 2. posch.</subfield>
   <subfield code="a">III.80874</subfield>
   <subfield code="j">199911</subfield>
   <subfield code="i">2720757094</subfield>
   <subfield code="4">Zastaraná</subfield>
   <subfield code="s">Vyradená</subfield>
  </datafield>
  <datafield tag="090" ind1=" " ind2=" ">
   <subfield code="g">SCKHL</subfield>
   <subfield code="k">Sklad Pribinova prízemie</subfield>
   <subfield code="a">IV.175129</subfield>
   <subfield code="j">906417</subfield>
   <subfield code="i">27872-10</subfield>
   <subfield code="s">Prezenčne</subfield>
  </datafield>
 </record>
</collection>
